French Words - Statistics

General Stats
  • This quiz has been taken 298 times
  • The average score is 20 of 30
Answer Stats
Hint Answer % Correct
you vous
97%
I je
95%
red rouge
95%
coffee café
94%
French français
94%
black noir
94%
bread pain
94%
small petit
93%
house maison
91%
end fin
90%
of de/en/pour
86%
love amour
84%
large grand
84%
car voiture
82%
street rue
81%
heart coeur
77%
window fenêtre
73%
movie film
72%
island île
70%
subway métro
70%
voice voix
56%
peace paix
46%
lady dame
38%
field champ
37%
mill moulin
29%
underwear dessous
27%
start début
24%
holy sacre
22%
purse porte monnaie
21%
sidewalk trottoir
21%
No matching quizzes found
Score Distribution
Percent of People with Each Score
Percentile by Number Answered
Your Score History
You have not taken this quiz